What the Volkswagen cars sold in Brazil? Quiz Stats

 Plays Quiz not verified by Sporcle

Challenge
Share
Tweet
Embed
Score 0/21 Timer 06:00
0 Plays Today
Model % Correct
Gol
88.4%
Golf
81.5%
Passat
79.2%
Jetta
68.2%
Polo
66.5%
Fox
57.2%
Tiguan
56.1%
Touareg
49.7%
Voyage
37.6%
Saveiro
37.6%
Eos
37.6%
Model % Correct
Amarok
37%
Parati
33.5%
Passat CC
32.9%
Kombi
32.9%
Bora
32.4%
SpaceFox
30.1%
New Beetle
29.5%
Polo Sedan
24.9%
Passat Variant
22%
Jetta Variant
17.3%

You're not logged in!

Compare scores with friends on all Sporcle quizzes.
OR
Log In

You Might Also Like...

Show Comments

Extras

Top Quizzes Today


Score Distribution

Your Account Isn't Verified!

In order to create a playlist on Sporcle, you need to verify the email address you used during registration. Go to your Sporcle Settings to finish the process.

Report this User

Report this user for behavior that violates our Community Guidelines.

Details: